Normal view
MARC view
- Balgrami, Syed Hamid Hasan
Entry Personal Name
001 - CONTROL NUMBER
- control field: 133329
003 - CONTROL NUMBER IDENTIFIER
- control field: NUST
005 - DATE AND TIME OF LATEST TRANSACTION
- control field: 20260219105400.0
008 - FIXED-LENGTH DATA ELEMENTS
- fixed length control field: 260219|| aca||aabn | a|a d
040 ## - CATALOGING SOURCE
- Original cataloging agency: NUST
- Transcribing agency: NUST
100 ## - HEADING--PERSONAL NAME
- Personal name: Balgrami, Syed Hamid Hasan
670 ## - SOURCE DATA FOUND
- Source citation: Work cat.: (NUST): Balgrami, Syed Hamid Hasan, Fuyooz ul Quran فیوض القران /
